|
|
|
|
| LEADER |
00000nas a2200000 4500 |
| 001 |
ssj0000393566 |
| 003 |
WaSeSS |
| 005 |
20200512172242.0 |
| 006 |
m d |
| 007 |
cr n |
| 008 |
790813c19779999sp uu p s bgw 0 b0spa |
| 010 |
|
|
|a 79645265
|
| 022 |
|
|
|l 0210-539X
|y 0210-539X
|
| 030 |
|
|
|a ADESAT
|
| 035 |
|
|
|a (WaSeSS)ssj0000393566
|
| 037 |
|
|
|b Secretariado de Publicaciones e Intercambio Científico, Universidad de Murcia, Murcia, Spain
|
| 040 |
|
|
|a DLC
|b eng
|c DLC
|d NST
|d CAS
|d DLC
|d NSD
|d OCLCQ
|d DIBAM
|d OCLCQ
|d OCLCO
|d OCLCF
|d OCLCO
|d OCLCQ
|d WaSeSS
|
| 042 |
|
|
|a pcc
|
| 043 |
|
|
|a e-sp---
|
| 050 |
0 |
0 |
|a K1
|b .N42
|
| 082 |
0 |
4 |
|a 340/.0946
|
| 245 |
0 |
0 |
|a Anales de derecho
|h [electronic resource].
|
| 260 |
|
|
|a [Murcia, Spain]
|b Universidad de Murcia,
|c 1977-
|
| 362 |
0 |
|
|a no. 1-
|
| 500 |
|
|
|a "Revista de la Facultad de Derecho."
|
| 506 |
|
|
|a License restrictions may limit access.
|
| 650 |
|
0 |
|a Law
|z Spain
|v Periodicals.
|
| 650 |
|
7 |
|a Law.
|2 fast
|0 (OCoLC)fst00993678
|
| 650 |
|
7 |
|a LEYES
|z ESPANA
|x PUBLICACIONES PERIODICAS.
|2 renib
|
| 651 |
|
7 |
|a Spain.
|2 fast
|0 (OCoLC)fst01204303
|
| 655 |
|
0 |
|a Electronic journals.
|
| 710 |
2 |
|
|a Universidad de Murcia.
|b Facultad de Derecho.
|
| 850 |
|
|
|a DLC
|a ICRL
|a IU
|a MH
|
| 856 |
4 |
0 |
|z Full text available from Research Library: 01/01/2014 to present
|u https://search.proquest.com/publication/2035767
|
| 856 |
4 |
0 |
|z Full text available from PRISMA Database with HAPI Index: 01/01/2014 to 01/31/2016
|u https://search.proquest.com/publication/2036028
|